000 00325nam a2200133Ia 4500
008 260604s9999 xx 000 0 und d
020 _a9781035337927
082 _a004 BAL
100 _aBALCERZAK
_935128
245 0 _aARTIFICIAL INTELLIGENCE AND INTERNATIONAL HUMAN RI
260 _bEDWARD
500 _aIT, AI
942 _cBK
999 _c7887
_d7887